000 00298nam a22001337a 4500
008 170818b xxu||||| |||| 00| 0 eng d
020 _a9780321640680
041 _aeng
080 _211 ED
_a51
100 _a37
101 _aMAT
245 _aINTRODUCTOEY ALGEBRA
_cBITTINGER.M
942 _2udc
_cBK
999 _c24106
_d24106